Statistics for 与沙特阿拉伯接壤的国家

Click here to take the quiz!

General Stats

  • This quiz has been taken 22 times
  • The average score is 6 of 7

Answer Stats

边界长度
(千米)
国家% Correct
1,458也门
100%
457阿拉伯联合酋长国
100%
814伊拉克
90%
676阿曼
90%
60卡塔尔
90%
744约旦
81%
222科威特
81%

Score Distribution

Percentile by Number Answered

Percent of People with Each Score

Your Score History

You have not taken this quiz